Waiting for the state: sex work and the neoliberal governance of sexuality /
محفوظ في:
| المؤلف الرئيسي: | |
|---|---|
| التنسيق: | نص |
| الوسوم: |
إضافة وسم
لا توجد وسوم, كن أول من يضع وسما على هذه التسجيلة!
|
MARC
| LEADER | 00000 a a2200000 04500 | ||
|---|---|---|---|
| 001 | 47399 | ||
| 003 | |||
| 040 | |||
| 100 | |a Rivers-Moore, Megan | ||
| 245 | |a Waiting for the state: |b sex work and the neoliberal governance of sexuality / |c Megan Rivers-Moore | ||
| 773 | |g volumen21, número3, (2014), páginas 403-429 | ||
| 999 | |c 35095 |d 35095 | ||
